00529nam a22001577a 450000500170000001000150001702000270003203500140005903700090007308200120008210000230009424500860011726000540020327000800025730000340033720220316174834.0 aENG-132011 a9789353885281c1295.00 aEN-115543 bDBAD a954.042 aVengasseri, Ismail a1962 Border War:bSino-Indian Territorial Disputes And Beyond/cIsmail Vengasseri aNew DelhibSage Publications India Pvt. Ltdc2021 bNew DelhiaB-I/I-I, Mohan Cooperative Industrial Area, Mathura Roade110044 axiii, 275p.bIndexc22cm(hbk)